Ancient Egypt A Photographic History
محفوظ في:
المؤلف الرئيسي:
التنسيق: كتاب
اللغة: Undetermined
منشور في:
Cairo
American University in Cairo
2024
الموضوعات:
الوسوم: إضافة وسم
لا توجد وسوم, كن أول من يضع وسما على هذه التسجيلة!
رقم الطلب: On Hold
| LEADER | 00510nam a2200169Ia 4500 | ||
|---|---|---|---|
| 005 | 20260324113531.0 | ||
| 008 | 260324s9999||||xx |||||||||||||| ||und|| | ||
| 020 | |a 978-1649034014 | ||
| 050 | 4 | |a On Hold | |
| 100 | 0 | |a Nigel Fletcher-Jones | |
| 245 | 1 | 0 | |a Ancient Egypt A Photographic History |c Nigel Fletcher-Jones |
| 264 | 1 | |a Cairo |b American University in Cairo |c 2024 | |
| 300 | |a 223 pages |b color illustrations, color map |c 25 cm | ||
| 650 | 4 | |a 332 B.C | |
| 650 | 4 | |a Civilization | |
| 650 | 4 | |a History | |
| 999 | |c 61917 |d 61917 | ||
